000 00491nam a2200145 a 4500
001 000027663
005 20200930031011.0
008 110404s1923 xxu 000 0 spa d
040 _aDO-SdBNP
_beng
_cBNPHU
100 1 _aFranco Franco, Tulio
_954750
245 1 3 _aLa situation internationale de la République Dominicaine á partir du 8 février 1907 /
_cTulio Franco Franco.
260 _aParis :
_bLes Presses universitaires de France,
_c1923.
300 _a287 p. ;
_c24 cm.
049 _aBNGR
999 _c27155
_d27155